| 000 | 00392cam a22001097a 4500 | ||
|---|---|---|---|
| 008 | 180718b1972 xxu||||| |||| 00| 0 eng d | ||
| 082 | _aT15x54521 P773 | ||
| 245 |
_aPondicherry consumer co-operatives stores: an evalution study _cby Bureau of Statistics & Evalution |
||
| 260 |
_aPondicherry _bGovernment of Pondicherry _c1972 |
||
| 300 | _a42p | ||
| 700 | _aIndia. Bureau of Statistics & Evalution | ||
| 999 |
_c496955 _d496955 |
||